000
00182 a2200097 4500
001
10409
100
_a
Wilkins, HP
245
_a
Moon, The
260
_a
_b
F
_c
090
_c
8043
_d
8043
942
_a
NUST-CAE
_c
M
_c
34760
999
_c
245482
_d
245482